| 000 | 01565cam a2200385 a 4500 | ||
|---|---|---|---|
| 001 | 4034978 | ||
| 003 | NUST | ||
| 005 | 20210112122346.0 | ||
| 008 | 980826s1999 nyua b 001 0 eng | ||
| 010 | _a 98037260 | ||
| 020 | _a0471317160 (cloth : alk. paper) | ||
| 024 | _29780471317166 | ||
| 038 | _aSNS Library Staff | ||
| 040 |
_aDLC _cDLC _dDLC |
||
| 050 | 0 | 0 |
_aQA300 _b.F67 1999 |
| 082 | 0 | 0 |
_a515 FOL 1999 _221 _bFOL |
| 100 | 1 |
_aFolland, G. B. _935584 |
|
| 245 | 1 | 0 |
_aReal Analysis : _bModern Techniques and their Applications _cGerald B. Folland. |
| 250 | _a2nd ed. | ||
| 260 |
_aNew York : _bWiley, _cc1999. |
||
| 300 |
_axiv, 386 p. : _bill. ; _c25 cm. |
||
| 440 |
_aReal Analysis _935585 |
||
| 490 | 1 | _aPure and applied mathematics | |
| 500 | _a"A Wiley-Interscience publication." | ||
| 504 | _aIncludes bibliographical references (p. 365-375) and index. | ||
| 650 | 0 |
_aMathematical analysis. _9198 |
|
| 650 | 0 |
_aFunctions of real variables. _935586 |
|
| 830 | 0 |
_aPure and applied mathematics (John Wiley & Sons : Unnumbered) _912576 |
|
| 856 | 4 | 2 |
_3Contributor biographical information _uhttp://www.loc.gov/catdir/bios/wiley047/98037260.html |
| 856 | 4 | 2 |
_3Publisher description _uhttp://www.loc.gov/catdir/description/wiley033/98037260.html |
| 856 | 4 |
_3Table of Contents _uhttp://www.loc.gov/catdir/toc/onix03/98037260.html |
|
| 906 |
_a7 _bcbu _corignew _d1 _eocip _f19 _gy-gencatlg |
||
| 942 |
_2ddc _cBK _k515 FOL 1999 |
||
| 999 |
_c541226 _d541226 |
||